书目信息 |
| 题名: |
下一站巴黎
|
|
| 作者: | ;下一站编辑部 主编 | |
| 分册: | ||
| 出版信息: | 桂林 广西师范大学出版社 2012 |
|
| 页数: | 203页 | |
| 开本: | 22cm | |
| 丛书名: | ||
| 单 册: | ||
| 中图分类: | K956.59 | |
| 科图分类: | ||
| 主题词: | 旅游指南--巴黎 | |
| 电子资源: | ||
| ISBN: | 9787549507481 | |
| 000 | 00841nam0 2200265 450 | |
| 001 | 338935 | |
| 005 | 20150604154720.28 | |
| 010 | @a9787549507481@dCNY38.00 | |
| 100 | @a20120317d2012 em y0chiy50 ea | |
| 101 | 0 | @achi |
| 102 | @aCN@b450000 | |
| 105 | @ay z 000yy | |
| 106 | @ar | |
| 200 | 1 | @a下一站巴黎@Axia yi zhan ba li@d= Next Paris@zeng |
| 210 | @a桂林@c广西师范大学出版社@d2012 | |
| 215 | @a203页@c图, 地图@d22cm | |
| 305 | @a由星岛出版有限公司授权出版 | |
| 314 | @a主编取自CIP数据 | |
| 330 | @a本书介绍了巴黎市内6个最热区域、11个巴黎近郊必玩热地、150个热门景点攻略、10家豪华典雅酒店及10家推荐经济实惠特色住处。 | |
| 510 | 1 | @aNext Paris@zeng |
| 606 | 0 | @a旅游指南@y巴黎 |
| 690 | @aK956.59@v5 | |
| 711 | 02 | @a下一站编辑部@Axia yi zhan bian ji bu@4主编 |
| 801 | 0 | @aCN@b卓展宏图@c20150525 |
| 905 | @dK956.59@e335@f4 | |
| 下一站巴黎= Next Paris.-桂林:广西师范大学出版社,2012 |
| 203页:图, 地图;22cm |
| ISBN 9787549507481:CNY38.00 |
| 本书介绍了巴黎市内6个最热区域、11个巴黎近郊必玩热地、150个热门景点攻略、10家豪华典雅酒店及10家推荐经济实惠特色住处。 |
| ● |
| 相关链接 |
|
|
|
|
正题名:下一站巴黎
索取号:K956.59/335
 
预约/预借
| 序号 | 登录号 | 条形码 | 馆藏地/架位号 | 状态 | 备注 |
| 1 | 858597 | 208585976 | 第二样本阅览室/ [索取号:K956.59/335] | 在馆 | |
| 2 | 858598 | 208585985 | 第二借阅区/ [索取号:K956.59/335] | 在馆 | |
| 3 | 858599 | 208585994 | 第二借阅区/ [索取号:K956.59/335] | 在馆 | |
| 4 | 858600 | 208586001 | 密集书库-资源管理系/ [索取号:K956.59/335] | 在馆 |